PRACA, KTÓRA WYMAGA PODRÓŻOWANIA: - Statystyki

Ogólne statystyki
  • Ten quiz został rozwiązany 24 razy
  • Średni wynik to 2 z 6
Statystyki odpowiedzi
Odpowiedź % Poprawnych
STEWARDESSA
74%
KIEROWCA
58%
PILOT SAMOLOTU
21%
AKTOR
16%
PIOSENKARZ
11%
ŻOŁNIERZ
0%
Nie znaleziono quizów pasujących do podanych kryteriów
Rozkład punktacji
Procent ludzi z każdym wynikiem
Percentyl według liczby udzielonych odpowiedzi
Twoja historia wyników
Nie rozwiązałeś tego quizu